Stade de football → Club français - Click Quiz - Statistiques

Statistiques générales
  • Ce quiz a été pris 524 fois
  • Le résultat moyen est 13 sur 16
Statistiques - réponses
Hint Réponse % Correct
Vélodrome Olympique de Marseille
96%
Parc des Princes Paris Saint-Germain
94%
Geoffroy Guichard AS Saint-Étienne
89%
Riviera OGC Nice
89%
La Beaujoire FC Nantes
88%
Bollaert RC Lens
86%
Roazhon Park Stade Rennais
84%
Pierre Mauroy LOSC, Lille
80%
Roudourou En Avant Guingamp
79%
Atlantique FC Girondins de Bordeaux
76%
Abbé Deschamps AJ Auxerre
74%
Océane Le Havre AC
72%
La Mosson Montpellier HSC
72%
La Meinau RC Strasbourg
72%
Dr Bauer Red Star FC
71%
Michel d'Ornano SM Caen
58%
Aucun quiz correspondant
Distribution des résultats
% des personnes avec chaque résultat
Percentile par nombre de réponses
Votre historique - résultats
Vous n’avez pas pris ce quiz